000 00719nam a2200181Ia 4500
008 100920s9999 xx 000 0 und d
082 _b70951
_a891.463.1 थ 98
100 _aअनु. किणीकर रॉय. /डॉनलॉन रॉजर एच्र. सी
245 _aएकदाच अशी रात्र येते.
260 _bमेहता पब्लिशिंग हाऊस,पुणे-30.
_c1998
300 _a123
_bसाधी
365 _b70
520 _aलघुकथा.
630 _aएकदाच अशी रात्र येते.
650 _aलघुकथा.
730 _aएकदाच अशी रात्र येते.
942 _cBOOK
999 _c712908
_d712905